00282 a2200109 4500001000700000040003500007100002000042240004900062245004400111362000900155440000800164153069 cEscola São Tomás de Aquino aCAIERO, Alberto10aPedacinhos de poemas de Fernando Pessoalpor10aPedacinhos de poemas de Fernando Pessoa0 a1998 1aRHJ